000 00415nam a2200169 a 4500
001 0000-8807
003 ELIB.Books
008 110520 1952
035 _a(ELIB.Books)0000-8953
082 _a266
_bSko
100 _aSkoglund, John E.
245 _aThey Reach for Life
260 _bNew York; Friendship Press
_c1952
650 _aMission
942 _2ddc
_cBK
998 _cbat
_e2011-05-20
999 _c8807
_d8807